Score 0/20 Timer 02:00
1 Play Today
Song Title Missing Word % Correct
I Will Always Love ____You
95.4%
Achy Breaky ____Heart
93.8%
I Walk the ____Line
92.5%
____ Miner's DaughterCoal
88%
He Stopped ____ Her TodayLoving
80.8%
Forever & Ever, ____Amen
75.2%
____ Moon of KentuckyBlue
74.7%
It Wasn't ____ Who Made Honky Tonk AngelsGod
73.6%
Blue Eyes Crying in the ____Rain
62.5%
Your ____ HeartCheatin'
58.8%
Song Title Missing Word % Correct
I Am a Man of Constant ____Sorrow
58%
Eighteen Wheels and a Dozen ____Roses
50.7%
Can the ____ Be UnbrokenCircle
44.7%
Make the ____ Go AwayWorld
32.3%
Pancho & ____Lefty
26.6%
____ TumbleweedsTumbling
25.1%
Oh, ____ MeLonesome
20.1%
____ on the BarrelheadCash
8.6%
Hickory ____Wind
7.2%
Keep My ____ Good and GreasySkillet
3.5%

Today's Daily Dose

Remove Ads.
Support Sporcle.
Get the best of Sporcle when you Go Orange. This ad-free experience offers more features, more stats, and more fun while also helping to support Sporcle. Thank you for becoming a member.

You're not logged in!

Compare scores with friends on all Sporcle quizzes.
OR
Log In

Show Comments

Extras

Top Quizzes Today


Score Distribution

Your Account Isn't Verified!

In order to create a playlist on Sporcle, you need to verify the email address you used during registration. Go to your Sporcle Settings to finish the process.

Report this User

Report this user for behavior that violates our Community Guidelines.

Details: